|
|
|
|
| LEADER |
00000cam a2200000Ia 4500 |
| 001 |
001294821 |
| 005 |
20260604210641.9 |
| 008 |
790822s1912 dcuaf b f001 0 eng d |
| 010 |
|
|
|a gs 12000642
|
| 016 |
7 |
|
|a 002395397
|2 Uk
|
| 019 |
|
|
|a 614530058
|a 752803619
|a 1027014723
|
| 035 |
9 |
|
|a AFX7271^^^^^
|
| 035 |
|
|
|a (OCoLC)5297618
|
| 035 |
|
|
|a (ndu)001294821
|
| 040 |
|
|
|a IAD
|b eng
|c IAD
|d OWU
|d OCLCQ
|d OCLCG
|d KRTAS
|d OCLCQ
|d ISL
|d OCLCA
|d OCLCF
|d UKMGB
|d OCLCA
|d GPO
|d SFR
|d OCLCA
|d UtOrBLW
|
| 043 |
|
|
|a n-us-ny
|0 http://id.loc.gov/vocabulary/geographicAreas/n-us-ny
|
| 045 |
|
|
|a x0x1
|
| 049 |
|
|
|a INDU
|
| 050 |
|
4 |
|a QE75
|b .B9 no. 514
|
| 086 |
0 |
|
|a I 19.3:514
|
| 100 |
1 |
|
|a Marshall, R. B.
|q (Robert Bradford),
|d 1867-1949.
|0 http://id.loc.gov/authorities/names/n85149870
|
| 245 |
1 |
0 |
|a Results of spirit leveling in New York, 1906 to 1911, inclusive /
|c R.B. Marshall, chief geographer ; work done in cooperation with the State of New York.
|
| 260 |
|
|
|a Washington :
|b Govt. Print. Off.,
|c 1912.
|
| 300 |
|
|
|a 139 pages, 1 leaf of plate :
|b illustrations ;
|c 24 cm.
|
| 336 |
|
|
|a text
|b txt
|2 rdacontent
|0 http://rdaregistry.info/termList/RDAContentType/1020
|
| 337 |
|
|
|a unmediated
|b n
|2 rdamedia
|0 http://rdaregistry.info/termList/RDAMediaType/1007
|
| 338 |
|
|
|a volume
|b nc
|2 rdacarrier
|0 http://rdaregistry.info/termList/RDACarrierType/1049
|
| 340 |
|
|
|p illustration
|2 rdaill
|0 http://rdaregistry.info/termList/IllusContent/1014
|
| 340 |
|
|
|p plate
|
| 490 |
1 |
|
|a Bulletin / U.S. Geological Survey ;
|v 514
|
| 590 |
|
|
|a With: nos. 511-513 of the series. Bound together subsequent to publication.
|
| 500 |
|
|
|a At head of title: Department of the Interior, United States Geological Survey.
|
| 500 |
|
|
|a As of 06/02/2015, GPO could not validate the distribution status of this title for the FDLP.
|
| 500 |
|
|
|a "Cooperation -- The State of New York contributed financially to the work during the years 1906 to 1911, inclusive, being represented by the Office of the State engineer and surveyor"--Page 5.
|
| 504 |
|
|
|a Includes bibliographical references and index.
|
| 599 |
1 |
0 |
|a auth
|d 20181005
|
| 650 |
|
0 |
|a Leveling
|z New York (State)
|
| 650 |
|
0 |
|a Bench-marks
|z New York (State)
|
| 651 |
|
0 |
|a New York (State)
|x Altitudes.
|0 http://id.loc.gov/authorities/subjects/sh85091437
|
| 651 |
|
0 |
|a New York (State)
|v Surveys.
|
| 650 |
|
7 |
|a Leveling.
|2 fast
|0 (OCoLC)fst00996964
|
| 650 |
|
7 |
|a Bench-marks.
|2 fast
|0 (OCoLC)fst00830285
|
| 650 |
|
7 |
|a Altitudes.
|2 fast
|0 (OCoLC)fst00806212
|
| 651 |
|
7 |
|a New York (State)
|2 fast
|0 (OCoLC)fst01210280
|
| 655 |
|
7 |
|a Surveys.
|2 fast
|0 (OCoLC)fst01423895
|
| 710 |
1 |
|
|a New York (State).
|b State Engineer and Surveyor.
|0 http://id.loc.gov/authorities/names/n82221976
|
| 710 |
2 |
|
|a Geological Survey (U.S.)
|0 http://id.loc.gov/authorities/names/n80092173
|
| 830 |
|
0 |
|a Bulletin (Geological Survey (U.S.)) ;
|v no. 514.
|0 http://id.loc.gov/authorities/names/no2010146370
|
| 994 |
|
|
|a C0
|b IND
|
| 902 |
|
|
|a MARS
|
| 999 |
f |
f |
|i 0ad4f68b-4347-59bb-ba26-0012669296b4
|s f59b6306-7b46-4403-a051-54da75906a8f
|t 0
|
| 952 |
f |
f |
|p Circulating
|a University of Notre Dame
|b University of Notre Dame
|c Annex
|s Annex
|d Annex
|t 0
|e QE 75 .B874 no.511-514
|h Library of Congress classification
|i Book
|m 00000014138580
|